000 01328cam a22004094i 4500
003 PE-LiUPU
005 20250731173602.0
008 240718b |||||||| |||| 00| 0 spa d
035 _a(Sirsi) i9789505737246
040 _aPE-LiUPU
_bspa
_cPE-LiUPU
_erda
_dPE-LiUPU
049 _aPRUA
050 0 0 _aBV652.2
_b.J64 1997
082 0 4 _a253.7
_bU58m
_223
110 _aUnión Colombiana
_bMinisterio Personal.
_94280
245 0 0 _aManual de Programas para grupos pequeños :
_bprogramas 2003 /
_cMinisterio Personal. Unión Colombiana.
264 1 _a[Bogotá] :
_bMinisterio Personal. Unión Colombiana,
_c[2002].
300 _a304 páginas :
_bilustraciones ;
_c27 centímetros.
336 _atext
_2rdacontent
337 _aunmediated
_2rdamedia
338 _avolume
_2rdacarrier
505 0 _aCómo organizar la iglesia en grupos pequeños -- Módulos -- Programas infantiles Grupos pequeños -- Materiales adicionales.
526 _aSEG42
526 _aSEG41
526 _aSEG40
526 _aSEG39
526 _aP94
526 _aP87
526 _aP86
526 _aP85
526 _aP77
526 _aP76
526 _aP35
650 1 4 _aPequeños grupos (Advenitstas del séptimo día)
_vGuías.
942 _2ddc
_cBK
999 _c62592
_d62591
980 _81
_gALBERTO SANCHEZ Responsable de Automatización